| 000 | 00947nam a22002657i 4500 | ||
|---|---|---|---|
| 003 | DO-SdBNP | ||
| 005 | 20250611100958.0 | ||
| 007 | ta | ||
| 008 | 250520b2012 |||||||| |||| 00| 0 spa d | ||
| 040 |
_aDO-SdBNP _bspa _cBNPHU _erda |
||
| 041 | _hspa | ||
| 082 |
_axxx _bC961 _222 |
||
| 245 | 1 |
_a4 % por la educación : _bcompromiso político y social por la educación República Dominicana 2011 |
|
| 246 |
_aCuatro por ciento por la educación : _bcompromiso político y social por la educación República Dominicana 2011 |
||
| 264 |
_aSanto Domingo : _bAcción para la Educación EDUCA, _c2012 |
||
| 300 |
_a20 páginas ; _c27 cm |
||
| 336 |
_ardacontent _btexto _2txt |
||
| 337 |
_ardamedia _bsin mediación _2n |
||
| 338 |
_ardacarrier _bvolumen _2nc |
||
| 590 | _aInventariado, 2025/DG | ||
| 650 | 4 |
_aEducación y Estado _zRepública Dominicana _911794 |
|
| 650 | 4 |
_aEducación _zRepública Dominicana _9737 |
|
| 910 | _aDG | ||
| 942 |
_2ddc _cLF2 |
||
| 999 |
_c59187 _d59187 |
||